[Event "Bremer Silvester Open 2018"]
[Site "?"]
[Date "2018.12.27"]
[Round "2.22"]
[White "Lambers, Gabriel"]
[Black "Schwenteck, Peter"]
[Result "1-0"]
[WhiteElo "1498"]
[BlackElo "1852"]
[Annotator "David Kardoeus"]
[PlyCount "85"]
[EventDate "2018.??.??"]

1. e4 d6 2. Bc4 Nf6 3. Nc3 g6 4. d4 Bg7 5. Be3 c6 6. f3 b5 7. Bb3 Qc7 8. Qd2 h6
9. O-O-O a5 10. a4 Bd7 11. h4 b4 12. Nce2 c5 13. dxc5 dxc5 14. Bc4 {
offensichtlicher kann Weiß den Bauern a4 gar nicht opfern, das sollte Schwarz
zu denken geben!} Bxa4 {tat es aber nicht} 15. e5 Ng8 16. Qd5 {[#] und die
weiße Idee zeichnet sich ab. Weiß droht Matt mit Dxf7 und der Turm auf a8
hängt in der Luft.} e6 17. Qd3 $2 {Weiß nahm den Turm nicht vom Brett,
womöglich weil er nach 16.Dxa8 Lc6 befürchtete, was jedoch mit 17.Lb5! Lxb5
18.Lxc5 stark beantwortet und eine bessere Stellung hätte erzielen können.}
Bc6 18. Bxe6 $5 {es geht direkt weiter. Weiß öffnet die gegnerische
Königsstellung; nach 18...fxe6 würde 19.Dxg6 mit tödlichen Folgen passieren.
} Qe7 {soll den Läufer vertreiben und Ruhe in das schwarze Lager bringen, doch
} 19. Bxc5 $1 {und die Dame darf nochmal gezogen werden. Zu diesem Zeitpunkt
steht Weiß mehrfach auf Gewinn und es ist eigentlich ein Wunder, dass diese
Partie keine schnelle Entscheidung fand. Im Folgenden werde ich auf die
teilweise mangelhafte Qualität der Züge nicht weiter eingehen, die jedoch
sehr ansehnlichen Ideen hinter den verblüffenden Zügen kurz erklären.} Qc7
20. Bxf7+ $3 Kxf7 21. e6+ $1 Kf6 22. h5 $5 {Will die Dame auf g6 einschleusen.}
Be8 {[#] will das nicht.} 23. Bd4+ (23. Qd4+ {wäre bereits Matt in 9 Zügen
gewesen...}) 23... Ke7 24. Bxg7 Rh7 25. Be5 $5 {versucht die schwarze Dame
abzulenken um nach} Qxe5 26. hxg6 Rg7 {dem schwarzen König mit} 27. Qd8+ {
an die Gurgel zu gehen.} Kf8 28. Rd5 Qe3+ 29. Kb1 Ne7 {[#] Es scheint
zunächst, als wäre das große Spektakel vorerst vertagt, Gabriel Lambers
hatte aber noch nicht genug:} 30. Rf5+ $6 {ist an Wahnsinn nicht mehr zu
überbieten! Nach} Nxf5 {kann nun die Dame wieder ins Angriffsgeschehen
eingreifen} 31. Qf6+ {was ein enormes Turmopfer!} Kg8 32. g4 $5 {Es ist
unfassbar, was hier geboten wird. Der dem Tode geweihte Springer wird
freigesprochen, weil Lambers nach jeglichen Springerzügen mit 33.g4-g5 erneut
auf Matt spielen möchte! Schwenteck aber spielte} Ng3 $1 {um dem weißen
Angriff den Wind aus den Segeln zu nehmen.} 33. Nxg3 Qe1+ 34. Ka2 Qxg3 35. e7 {
droht Matt mit Df8 an, jedoch wäre 35.Txh6! noch stärker gewesen, da 36.Th8+
Kxh8  37.Df8+ Tg8  38.Dh6# nur unter Materialretoure verhindert hätte werden
können. Schwenteck fand die gigantische Antwort} Rf7 $3 {ein Turmopfer um
alle Mattdrohungen aus dem Spiel zu nehmen.} 36. gxf7+ Bxf7+ 37. b3 Ra6 {
aktiviert allmählich das bisher ungeachtete Spielmaterial} 38. Qb2 a4 39. Ne2
axb3+ 40. Kb1 bxc2+ {und jedem wird klar, dass mittlerweile Schwarz auf Gewinn
spielt} 41. Qxc2 Qe5 42. Qc8+ {[#]Schwarz hat bereits forcierte Mattvarianten,
wenn er jetzt nur nicht selber ins Matt tappen würde} Kg7 $4 ({nach} 42... Kh7
{hat Weiß kein vernünftiges Schach ...}) 43. Qf8+ {.. so aber fällt
entweder der Bauer h6 oder der Läufer auf f7 jeweils mit Schach.} 1-0

[Event "Bremer Silvester Open 2018"]
[Site "?"]
[Date "2018.12.29"]
[Round "6.3"]
[White "Lammers, Markus"]
[Black "Grigorian, Spartak"]
[Result "0-1"]
[WhiteElo "2312"]
[BlackElo "2346"]
[Annotator "Spartak Grigorian"]
[PlyCount "44"]
[EventDate "2018.??.??"]

1. Nf3 d5 2. d4 Nf6 3. c4 e6 4. e3 b6 5. Nc3 Bd6 6. Bd3 Bb7 7. O-O O-O {
Beide Seiten haben sich ruhig aufgebaut und rochiert.} 8. cxd5 {Mit den
nächsten beiden Zügen gibt Markus seine Idee bekannt. Viele Weißspieler
bleiben an dieser Stelle mit 8.b3 weiterhin flexibel im Zentrum.} (8. b3 $5
Nbd7 9. Bb2) 8... exd5 9. Ne5 {[#] Die Idee ist f4 folgen zu lassen.} c5 $1 {
Schwarz nutzt die Tatsache aus, dass sein Springer noch auf b8 steht. Mit c5
gefolgt von Sc6 bekommt Weiß Schwierigkeiten seinen Springer auf e5 zu
stützen und gleichzeitig d4 zu decken.} ({Nach} 9... Nbd7 10. f4 {kann
Schwarz mit Se4 den Angriff von Weiß (Ld2, Le1 nebst Lh4 und Turm f3 nebst h3)
im Keim ersticken.} Ne4) 10. f4 $6 {Vielleicht schon eine Ungenauigkeit. Weiß
unterschätzt das Gegenspiel.} Nc6 11. Kh1 {Weiß zieht seine Idee durch und
opfert einen Bauer.} ({Das Problem ist, dass nach} 11. Bc2 cxd4 12. exd4 Nxd4
$1 {(bekanntes Motiv)} 13. Qxd4 $2 Bc5 {die Dame verloren geht}) (11. Nxc6 Bxc6
{Ohne den Springer auf e5 hat Weiß nicht nur seine Bauernstruktur und das
Feld e4 geschwächt, sondern auch seinen König.}) 11... cxd4 12. exd4 Nxd4 13.
b3 {Weiß erhofft sich ausreichend Kompensation durch seinen Läufer auf b2} (
13. Bxh7+ Nxh7 14. Qxd4 Bc5 {Weiß hat zwar den Bauern zurück, seine Stellung
aber bleibt weiterhin unkordiniert. Zudem hat der Läufer auf b7, nachdem
Schwarz gleich d4 folgen lässt, keinen Gegenspieler auf der Diagonale h1-a8.})
13... Ne6 {Geht nicht nur prophylaktisch den Gefahren aus dem Weg, sondern
verhindert eigentlich auch die Entwicklung des Läufers nach b2.} 14. Nb5 (14.
Bb2 Nxf4 $1 15. Rxf4 Bxe5) 14... Bb8 {Temporär wird der Turm auf a8
ausgeschlossen, denn mir schien es weiterhin wichtig Lb2 zu verhindern.} 15.
Bb2 d4 $5 {Wickelt in ein Endspiel mit Mehrbauer für Schwarz ab, was mein
Gegner allerdings ablehnte.} 16. Nxd4 Nxf4 {[#]} 17. Rxf4 ({Das bereits
angesprochene Endspiel entsteht nach} 17. Ndc6 $1 Bxc6 18. Nxc6 Qxd3 {Weiß
opfert eine Figur, bekommt sie aber zurück} 19. Bxf6 $1 (19. Nxb8 Qe4 20. Qf3
Qxf3 21. Rxf3 N4d5 $17) 19... Qxd1 20. Raxd1 Ng6 $15 {[#] Analysediagramm Ich
schätzte es als machbar ein, praktisch wäre es noch ein langer Weg bis zum
vollen Punkt. Zu meinem Glück übersah Markus diese Möglichkeit.} (20... gxf6
{Die Figur ist nicht haltbar} 21. Nxb8 Raxb8 22. Rxf4 $11)) 17... Bxe5 18. Nc6
$2 (18. Rh4 h6 $17 {nebst Dd5}) 18... Bxc6 19. Bxe5 Qd5 $19 {Doppelangriff -
Dxe5 und Dg2#} 20. Qe2 Rae8 21. Rf5 Nd7 22. Rh5 g6 {Der Läufer ist nicht mehr
zu halten - Weiß gab auf.} 0-1

[Event "Bremer Silvester Open 2018"]
[Site "?"]
[Date "2018.12.29"]
[Round "6.11"]
[White "Mueller, Oliver"]
[Black "Dettmann, Steffen"]
[Result "1-0"]
[WhiteElo "2250"]
[BlackElo "2201"]
[Annotator "Oliver Müller"]
[PlyCount "69"]
[EventDate "2018.??.??"]

1. d4 d5 2. c4 e6 3. Nf3 Be7 4. g3 Nf6 5. Bg2 O-O 6. O-O dxc4 7. Qc2 a6 8. a4
Bd7 9. Rd1 Bc6 10. Nc3 {[#]} Nd5 ({Beim letzten Silvester-Open spielte M.
Reuker gegen mich} 10... Bxf3 11. Bxf3 Nc6 12. Bxc6 bxc6 13. e4 {und die
Partie endete nach spannendem Verlauf remis.}) 11. e4 Nxc3 ({Unangenehmer fand
ich} 11... Nb4 12. Qe2 Nd3 13. Be3 b5 {weil mir nicht ganz klar war, wie ich
mit dem Springer auf d3 umgehen sollte und wo die Kompensation für den
Gambitbauern ist. Weiß kann die Stellung wie folgt klären:} (13... Bb4 14.
Ne5 Nxe5 15. dxe5 Nd7 16. Qxc4 a5 17. f4 $14) 14. d5 exd5 (14... b4 15. dxc6
bxc3 16. bxc3 Nxc6 17. Nd2) 15. exd5 Bb7 16. axb5 axb5 17. Rxa8 Bxa8 18. b3
Bxd5 19. Nxb5 Bf6 20. Ne1 Bxg2 21. Nxg2 Qe7 22. bxc4 Ne5 $11) 12. bxc3 {[#]}
Qc8 $6 ({Hier gibt es bessere Alternativen, z.B.} 12... Bf6 13. d5 exd5 14.
exd5 Bd7 15. Nd2 Bg4 (15... b5 16. d6 Bc6 17. Ne4 $36) 16. Re1 Re8 17. Rxe8+
Qxe8 18. Be4 g6 19. Nxc4 $11 {Nach dm Textzug kann der Anziehende sich die
weißen Felder sichern. Mein Plan war, auf die Rückeroberug des Bauern zu
verzichten und einen Angriff am Königsflügel zu starten.}) 13. Ne5 b5 14.
Nxc6 Nxc6 15. e5 Qd7 16. Be4 h6 17. Qe2 Rab8 {[#]} 18. Bf4 ({Erst dachte ich,
dieser Zug sei ein Tempoverlust, aber nach dem sofortigen} 18. Qg4 f5 19. exf6
({Eine interessante Möglichkeit bestand in} 19. Bxc6 Qxc6 20. Qg6 Kh8 21. Bxh6
gxh6 22. d5 Qb6 (22... Qd7) (22... Qd7 23. dxe6 Qe8 24. Qxh6+ Kg8 25. Rd7 $16)
23. Qxh6+ Kg8 24. Qg6+ Kh8 25. a5 Qb7 26. Qh6+ Kg8 27. Qxe6+ Rf7 28. Qg6+ Rg7
29. Qxf5 Qc8 $13) 19... Rxf6 {geht es nicht so recht weiter, hier würde ich
gern Le5 spielern, aber der ist noch zu Hause. Und auf das immer
erstrebenswerte} 20. axb5 axb5 21. d5 {kann Schwarz sich mit} Ne5 22. Qh5 Nd3 {
behaupten.}) 18... Bg5 {Auch nach anderen Zügen schlägt der weiße Angriff
durch:} (18... Na5 19. Qg4 Kh8 20. Qh5 Kg8 (20... Kg8) (20... f5 21. exf6 Rxf6
22. Be5) 21. d5 Rfd8 (21... b4 22. Bxh6 gxh6 23. cxb4 Rxb4 24. Qxh6 f5 25. dxe6
Qc8 (25... Qe8 26. Bf3) 26. Qg6+ Kh8 27. Bxf5) (21... exd5 22. Bxh6) 22. Bxh6
f5 23. exf6 Bxf6 24. Be3 $18) 19. Bxg5 hxg5 20. axb5 axb5 21. Qh5 g6 22. Qxg5
Ne7 23. h4 Qd8 (23... Nd5 24. Rdc1 b4 25. cxb4 Rxb4 26. h5 $16) 24. Qg4 Kg7 25.
h5 Nf5 26. hxg6 fxg6 {[#]} 27. d5 {Es ist immer wieder dieser Durchbruch, der
den Angriff entscheidend verstärkt. Das ist eben der prinzipielle Nachteil,
wenn Schwarz mit seinem Zentrumsbauern auf c4 schlägt...} exd5 28. Rxd5 Qe7
29. Rad1 Qe6 30. Rd7+ Rf7 {[#] Und nun? Hier fiel mir zunächst nichts ein,
und ich wollte bei knapper Zeit schon fast auf f5 nehmen, als mir doch noch
die richtige Idee kam, um den Angriff am Laufen zu halten:} 31. Rxf7+ Qxf7 32.
Bc6 $1 Ne7 33. Rd7 Rb6 34. Qd4 (34. Qh4) 34... Kh6 $2 {Andere Züge helfen aber
auch nicht mehr:} (34... Qe6 35. Qh4) (34... Nxc6 35. Rxf7+ Kxf7 36. Qd7+ Ne7
37. Qxc7) 35. Qh4+ {Gelungene Angriffspartien tun richig gut!} 1-0

[Event "Bremer Silvester Open 2018"]
[Site "?"]
[Date "2018.12.27"]
[Round "1.3"]
[White "Jung, Gerald"]
[Black "Lammers, Markus"]
[Result "0-1"]
[WhiteElo "1892"]
[BlackElo "2312"]
[Annotator "C.D. Meyer"]
[PlyCount "40"]
[EventDate "2018.??.??"]

{SILVESTERKNALLER MIT DEM LINKSSPRINGER} 1. Nc3 d5 2. e4 {[#]} (2. d4 Nf6 3.
Bf4 a6 4. e3 Bf5 5. Bd3 Bxd3 6. cxd3 {1/2-1/2 (67) Carlsen,M (2832)-Nakamura,H
(2785) Stavanger 2017}) 2... dxe4 ({I} 2... c6 3. Nf3 a6 $5 4. a4 $6 (4. d4)
4... Bg4 5. d4 e6 6. Be2 Nf6 7. exd5 (7. Ne5) 7... cxd5 8. Ne5 Bxe2 9. Nxe2 Nc6
{1/2-1/2 (22) Jung,G (1897)-Hoffmann,L (2276) Bremen 2017}) ({II} 2... e6 3.
Nf3 Nf6 4. e5 Nfd7 5. g3 $6 (5. d4) 5... c5 6. Qe2 Nc6 7. d3 Qc7 8. Bf4 Nd4 9.
Qd1 Nxf3+ 10. Qxf3 g5 (10... Be7 $142 11. h4 O-O 12. Qe2 b5 $5 (12... Qa5 $5))
(10... Nxe5 $143 11. Qh5 $1 Bd6 12. d4) 11. Bxg5 Qxe5+ 12. Qe3 Qxe3+ (12... Rg8
) 13. fxe3 {1/2-1/2 (55) Jung,G (1897)-Schuette,M (2132) Bremen 2017}) ({III} 
2... d4 3. Nce2 e5 4. Ng3 Be6 {1-0 (18) City Hampstead-City Cambridge corr 1918
}) 3. Bc4 $6 (3. Nxe4 $142 Bf5 4. Ng3 Bg6 5. Nf3 $13 {/=}) 3... Nf6 $15 4. f3
$5 {[#]} Bf5 $5 ({Oder} 4... e6 $5 {und z.B.} 5. Qe2 (5. fxe4 $6 Nxe4 6. Nf3
Nd6 7. Bb3 Be7 8. O-O O-O 9. d4 Nd7 10. Bf4 b6 11. Qe2 Bb7 12. Rad1 a5 13. Rfe1
Nf6 14. Ng5 a4 $1 15. Nxa4 (15. Bxa4 Nd5) (15. Bxe6 h6 16. Bxf7+ Nxf7 17. Ne6
Qd7 $17) 15... Nd5 $17) 5... Nc6 6. fxe4 Nd4 7. Qd3 Bd6 8. Nf3 e5 $5 $15) 5.
Qe2 (5. fxe4 Nxe4 6. Nxe4 Bxe4 7. Qe2 Bg6 $15) 5... exf3 6. Nxf3 Nc6 $5 $146 (
6... e6 $15) 7. d4 $5 {[#]} ({Falls} 7. Bb5 {, so z.B.} Qd6 (7... g6) 8. Ne5 (
8. d3 g6) 8... g6 9. O-O Bg7 10. d3 Nd5 $15) 7... Nxd4 $2 ({Den vergifteten
Köder hätte er besser verschmähen sollen:} 7... e6 $142 $15) 8. Nxd4 $2 ({
Nun hätte der Gambitspieler aber zulangen sollen:} 8. Bxf7+ $142 $1 Kxf7 9.
Qc4+ Be6 (9... e6 10. Nxd4 $14) 10. Ng5+ Kg8 11. Nxe6 Nxc2+ 12. Ke2 b5 $5 13.
Nxb5 Qd5 14. Qxd5 Nxd5 15. Rb1 Rb8 16. Rf1 $14) 8... Qxd4 9. Nb5 $5 {[#]} (9.
Be3 Qh4+ 10. Bf2 Qg4 $17) 9... Qc5 $6 ({Eine gekonnte Verteidigung war hingegen
} 9... Qh4+ $142 $1 10. g3 (10. Kf1 $4 O-O-O) 10... Qe4 $1 {, z.B.} 11. Qxe4 (
11. Nxc7+ Kd8 $5 {ist ZU zum Text}) 11... Bxe4 12. Nxc7+ Kd8 $5 13. Bf4 (13.
Nxa8 $2 b5 $1) 13... Bxh1 14. O-O-O+ (14. Nxa8 Bf3 $17 15. Bxf7 e5 16. Bxe5 Ng4
17. Bd4 Kd7 18. h3 Nh6 19. Bc4 Nf5 20. Bxa7 Bb4+ 21. Kf2 Rxa8 22. Kxf3 Rxa7 $17
) 14... Nd7 15. Nxa8 Bf3 16. Rd3 (16. Rd2 $6 e6) (16. Rf1 $2 Bc6 17. Bxf7 e5)
16... Be2 {jeweils nebst leichtem schwarzem Vorteil.}) 10. Bf4 $2 {[#]} ({
Alles sehr "frei formuliert". Nach dem erforderlichen} 10. Be3 $142 Qe5 11.
O-O-O $1 {können sich amüsante Stellungswiederholungen ergeben:} (11. O-O $2
e6 12. Rxf5 exf5 13. Nxc7+ Kd7 14. Nxa8 Ng4 15. Bb5+ Kc8 16. Qc4+ Kb8 17. Bf4
Bc5+ 18. Qxc5 Qxf4 19. Qc7+ Qxc7 20. Nxc7 Kxc7 $17) 11... e6 (11... a6 12. Bb6
$11 (12. Bf2 Qf4+ (12... Be4 13. Bd4 (13. Nc3 Qf5 $13) 13... Qg5+ 14. Be3 Qe5
15. Bd4 Qg5+ 16. Be3 $11) 13. Be3 Qe5 14. Bf2 $11)) 12. Bb6 $5 Qf4+ $8 13. Be3
Qe5 14. Bb6 Qf4+ 15. Be3 $11) 10... O-O-O $4 {Ein echter Silvesterknaller, dem
flugs ein weiterer folgen wird ...} ({Hier konnte der taumelnde Verteidiger
seinen Vorteil mittels} 10... Rc8 $142 $1 {zurückholen:} 11. O-O-O e6 12. Be3
Qe5 13. Nxa7 (13. Qd2 Bd6 14. Bd4 Qe4 $1 (14... Qf4 $2 15. Nxd6+ Qxd6 16. Qg5
$1 $16) 15. Nc3 (15. Kb1 O-O 16. Bd3 Qg4) 15... Qf4 16. Bb5+ Ke7 17. Be3 Qg4
$17) 13... Rd8 14. Rxd8+ Kxd8 15. Rd1+ Bd6 16. Nb5 Ng4 $1 (16... Bg4 $6 17.
Nxd6 Ke7 (17... cxd6 18. Bb6+ Kc8 19. Qxe5 dxe5 20. Re1 $13 {/=}) 18. Qf2 Bxd1
19. Bf4 Qh5 20. Nxb7 $13) 17. Bg1 (17. Nxd6 cxd6 18. Bb6+ Ke7 $17) 17... Qxe2
18. Bxe2 Ke7 $17) 11. b4 $4 ({Der "Linksspringer" verpasst den Kanonenschlag,
der mit} 11. Be3 $142 {[#] zu zünden war:} Qe5 (11... Qb4+ $2 12. c3 Qa4 13.
b3 Qa5 14. b4 Qa4 15. Bb3 Bd3 16. Bxa4 Bxe2 17. Kxe2 $18) 12. Nxa7+ Kd7 (12...
Kb8 $2 13. Nc6+ bxc6 14. Ba7+ $18 Kxa7 15. Qxe5) 13. O-O-O+ Ke8 14. Bxf7+ (14.
Rxd8+ Kxd8 15. Rd1+ Bd7 (15... Ke8 $2 16. Qd2 $18 {/\Nb5}) (15... Nd7 $2 16.
Qd2 $18 {/\Bb5}) 16. Qd2 $16) 14... Kxf7 15. Rxd8 $16 e6 16. Re1 $5 Ba3 (16...
Qxh2 17. Nc8 Rg8 18. Qd2) 17. Rd4 $8 {!}) 11... Qxb4+ $19 12. c3 Qa4 13. Bxf7
Qxf4 14. Nxa7+ Kb8 15. Nc6+ bxc6 16. Rf1 Qe4 17. Rxf5 Qxf5 18. Qb2+ Qb5 19. Qc2
Qe5+ 20. Kf1 Nd7 0-1

[Event "Bremer Silvester Open 2018"]
[Site "?"]
[Date "2018.12.29"]
[Round "5.1"]
[White "Hoeffer, David"]
[Black "Lammers, Markus"]
[Result "1-0"]
[WhiteElo "2259"]
[BlackElo "2312"]
[Annotator "Matthias Krallmann"]
[PlyCount "79"]
[EventDate "2018.??.??"]

{[%evp 0,79,19,25,19,28,28,-20,46,39,51,49,49,51,38,23,23,18,-25,-7,-23,-20,0,
4,58,35,58,31,41,42,42,30,42,8,0,0,8,2,62,46,92,111,132,91,147,84,112,76,101,
40,267,278,322,151,108,205,233,256,237,232,278,185,185,523,989,1338,1338,1350,
1678,1013,29987,632,637,659,681,455,522,561,859,780,29995,29996]} 1. d4 d5 2.
Nf3 Nf6 3. c4 dxc4 4. e3 e6 5. Bxc4 c5 6. O-O a6 7. Bb3 b5 8. Nc3 Bb7 9. Qe2
Nbd7 10. Rd1 Qb8 11. d5 exd5 12. Nxd5 Nxd5 13. Bxd5 Bxd5 14. Rxd5 Be7 15. e4
Nb6 16. Re5 Qb7 17. Be3 (17. Bf4 O-O 18. Rh5 Rfe8 19. Re1 Rad8 20. Bg5 Bxg5 21.
Rxg5 Nd5 22. Qc2 Nf4 23. Qc3 g6 24. e5 Rd3 25. Qc1 Rxf3 26. gxf3 Qxf3 27. Rg3
Ne2+ 28. Rxe2 Qxe2 29. Re3 Qg4+ 30. Kf1 Rd8 31. Qxc5 Rd1+ 32. Re1 Qh3+ 33. Ke2
Qd3# {0-1 (33) Cooper,L (2317)-Wells,P (2491) Bunratty 2013}) 17... f6 18. Rh5
Qxe4 19. Rh4 {[#]} Qe6 $2 (19... Qf5 20. Bd2 Nd5 21. Re4 Qd7 22. Rd1 O-O $11) (
19... Qc6 20. Qc2 g6 21. Bh6 O-O-O $11) 20. Qc2 Kf7 (20... Nd7 21. Re1 (21.
Rxh7 Kf7 $11) 21... Ne5 22. Nxe5 fxe5 23. Rxh7 Rxh7 24. Qxh7 Kf7 25. Bf4 $14)
21. Re4 Qd7 22. Bxc5 Bxc5 23. Qxc5 Rhb8 $2 (23... Na4 24. Qh5+ g6 25. Qh6 Rae8
26. Rd4 Qe7 27. h4 $40) 24. Rae1 $18 Kg8 $6 (24... Nd5 25. Rd4 Rd8 26. Qc2 g6
27. Red1 Rac8 28. Qd2 Qb7 29. h4 $18) 25. Re7 Qd3 26. Qc7 Qg6 27. Nh4 Qg5 28.
Nf3 Qg6 29. Qc6 Qf5 30. Nh4 Qg4 31. h3 Qc4 {[#]} 32. Rxg7+ $1 Kxg7 33. Re7+ Qf7
34. Nf5+ Kf8 35. Rxf7+ Kxf7 36. Qc7+ Ke6 37. g4 Nc8 38. Qc6+ Ke5 39. Kg2 Kf4
40. Qxf6 1-0

[Event "Bremer Silvester Open 2018"]
[Site "?"]
[Date "2018.12.30"]
[Round "7.3"]
[White "Polster, Christian"]
[Black "Bart, Simon"]
[Result "0-1"]
[WhiteElo "2306"]
[BlackElo "2072"]
[Annotator "Matthias Krallmann"]
[PlyCount "88"]
[EventDate "2018.??.??"]

{[%evp 0,88,19,38,72,47,88,61,63,49,30,39,80,43,98,33,36,22,54,21,22,-22,-12,
-49,-23,-47,-41,-68,-68,-71,-43,-35,13,8,49,40,37,27,18,17,31,39,38,23,48,23,
24,14,29,9,-1,0,38,55,23,8,-3,4,2,-20,-32,-51,-91,-108,-109,-115,-22,-45,-45,
-45,-27,-58,-60,-49,-58,-130,-147,-382,-425,-425,-410,-431,-437,-503,-520,-503,
-449,-449,-492,-503,-480]} 1. e4 c5 2. Nf3 d6 3. d4 cxd4 4. Nxd4 Nf6 5. Nc3 a6
6. Bg5 e6 7. f4 Be7 8. Qf3 Qc7 9. O-O-O Nbd7 10. f5 e5 11. Nde2 b5 12. Bxf6
Nxf6 13. Nd5 Nxd5 14. exd5 h5 (14... g6 15. Ng3 Bh4 16. Bd3 Bd7 17. Kb1 O-O-O
18. Ne2 Qc5 19. Nc3 $14 {1/2-1/2 (64) Vykouk,J (2439)-Gaehwiler,G (2416)
Marianske Lazne 2017}) (14... Bb7 15. Ng3 Rc8 16. Bd3 Qc5 $11 {1-0 (48) Greet,
A (2454)-Hunt,A (2437) England 2015}) 15. Ng3 Bg5+ 16. Kb1 h4 17. Ne4 Bf6 $2 (
17... Qd8 18. Qa3 O-O 19. g4 Bf4 20. Nxd6 $16) 18. Bd3 Bb7 19. Rc1 Ke7 20. c4
bxc4 21. Bxc4 Qa5 22. Rhg1 Rac8 23. Qd3 Rc7 24. g4 hxg3 25. hxg3 Rhc8 26. b3
Qb6 27. Rh1 Qd4 28. Qxd4 exd4 29. Rce1 $6 (29. Nxf6 Kxf6 30. Rcd1 Kxf5 31. Rxd4
Kg5 $11) 29... Be5 $15 30. Rh7 $2 {[#]} (30. Rc1 a5 31. g4 a4 32. g5 axb3 33.
axb3 $11) 30... Rxc4 $1 31. bxc4 Rxc4 $17 32. Nf2 Kf6 (32... Bxd5 33. Rxg7 Rb4+
34. Kc2 Ra4 $19) 33. Rh5 Rb4+ 34. Kc2 g6 35. Ne4+ Kg7 36. fxg6 fxg6 {[#]} 37.
Rh3 $2 (37. Rg5 Rb5 38. Nxd6 Bxd6 39. Re6 Bf8 40. Rgxg6+ Kh7 41. Rg4 Bxd5 42.
Rxa6 Rc5+ $15) 37... Bxd5 38. g4 $2 (38. Ng5 Bxa2 39. Rh7+ Kf6 40. Ne4+ Ke6 $17
) 38... d3+ $19 39. Kxd3 Rd4+ 40. Kc2 Bxe4+ 41. Rxe4 Rxe4 42. Ra3 Rc4+ 43. Kd3
Rxg4 44. Rxa6 Rf4 0-1